000 00563nam a2200217Ia 4500
003 OSt
005 20220924123343.0
006 a|||||r|||| 00| 0
007 ta
008 220923b |||||||| |||| 00| 0 fre d
024 _a144925
037 _cTextual
040 _aARTS
_cARTS
_bfre
041 _2fre
_afre
082 _aY17611, 122J9(906)
245 0 _aLes mardis de Dar-el-Salam Sommaire 1956-1957
260 _aNA
_bNA
_c1959
650 _aSOCIOLOGY
942 _hY17611, 122J9(906)
_cTEXL
_2CC
999 _c415394
_d415394